000 00486nmm a2200157Ia 4500
008 251105s9999||||xx |||||||||||||||||und||
020 _a9788437094670
041 _aspa
100 _aBarón Crespo, Enrique
245 0 _aUn decálogo por Europa
264 _a[Madrid, España] :
_bPublicaciones de la Universidad de Valencia (PUV),
_c2014
300 _a48 páginas
650 _aPolitical Science (General)
856 _uhttps://public.digitaliapublishing.com/a/34980
942 _cCF
999 _c82660
_d82660